| 000 | 00344nam a2200145Ia 4500 | ||
|---|---|---|---|
| 008 | 230917s9999||||xx |||||||||||||| ||und|| | ||
| 040 |
_e73608 _aMAIN |
||
| 041 | _aEnglish | ||
| 082 | _a658.8 B175M | ||
| 100 | _aBaker, Michael J, ed. | ||
| 245 | 0 | _aMarketing book | |
| 260 |
_aLondon _bHeinemann _c1987 |
||
| 300 | _axxv, 411 p. | ||
| 942 | _cBK | ||
| 999 |
_c75691 _d75691 |
||